| 000 | 00616nam a22001697a 4500 | ||
|---|---|---|---|
| 082 | _a200 | ||
| 100 | _aBashir, Qudsia | ||
| 245 |
_aQualitative Expression Analysis of Interferon Alpha Receptor in Hcv Patients Resistant to Interferon Therapy / _cQudsia Bashir. |
||
| 260 |
_aIslamabad: _bASAB - NUST, _c2015. |
||
| 300 |
_a130 p.: ill.; _c30,cm. |
||
| 650 |
_aPhD-Applied Biosciences _9123210 |
||
| 700 |
_aSupervisor:Dr.Amir Rashid _9124228 |
||
| 856 | _uhttp://10.250.8.41:8080/xmlui/handle/123456789/25445 | ||
| 942 |
_2ddc _cSC |
||
| 999 |
_c527998 _d527998 |
||